Pokemon Evolutions - Statistics

General Stats
  • This quiz has been taken 24 times
  • The average score is 12 of 15
Answer Stats
Basic Stage 1 Stage 2 % Correct
Igglybuff Jigglypuff Wigglytuff
95%
Squirtle Wartortle Blastoise
95%
Pichu Pikachu Raichu
89%
Zubat Golbat Crobat
84%
Gastly Haunter Gengar
84%
Cubone Marowak ---------------
84%
Onix Steelix ----------------
84%
Tyrogue Hitmonlee/chan/top ---------------
74%
Natu Xatu ----------------
74%
Chikorita Bayleef Megalodon
68%
Froakie Frogadier Greninja
68%
Mudkip Marshtomp Swampert
68%
Tailow Swellow ---------------
68%
Totodile Croconaw Feraligatr
63%
Tepig Pignite Emboar
58%
No matching quizzes found
Score Distribution
Percent of People with Each Score
Percentile by Number Answered
Your Score History
You have not taken this quiz